000 00727nam a2200265Ia 4500
003 OSt
005 20221007102331.0
006 a|||||r|||| 00| 0
007 ta
008 221006b |||||||| |||| 00| 0 eng d
020 _a8180380718
024 _a10,071
037 _cTextual
040 _aLCO
_cLCO
_beng
041 _2eng
_aeng
082 _aX:321:(Z2)qM86, P5
100 _aEradi V.B. Au.
_9704426
245 0 _aConsumer Protection Jurisprudence
260 _aNew
_bDelhi Lexis, Nexis Butterworths India
_c2005
300 _a751
490 _vTU
650 _aCONSUMER PROTECTION
_9301299
942 _hX:321:(Z2)qM86, P5
_cTEXL
999 _c1179634
_d1179634